00458nam a22001577a 4500008004100000040001800041041000800059100003000067245004200097260004500139300001800184500002100202650002700223651001300250651003700263130821s1935 gw gr eng  aCo-BoUCMbspa00aeng aHuxley, Aldousd1894-196300aBeyond the Mexique BaycAldous Huxley aHamburgo (Alemania)bThe Albatrossc1935 a247 páginas aIncluye índice04aDescripciones y viajes aMéxico aMéxicoxDescripciones y viajes